[Event "12th EUR-ch"]
[Site "Aix-les-Bains FRA"]
[Date "2011.03.26"]
[Round "5.61"]
[White "Bagirov, Rufat"]
[Black "Vuckovic, Bojan"]
[Result "0-1"]
[WhiteElo "2476"]
[BlackElo "2626"]
[EventDate "2011.03.22"]
[PlyCount "82"]

1.d4 Nf6 2.Bg5 c5 3.Bxf6 gxf6 4.d5 Qb6 5.Qc1 f5 6.c4 Qb4+ 7.Nc3 Qxc4 8.e4 
Qb4 9.a3 Qb6 10.exf5 Bg7 11.Nf3 d6 12.Qc2 Nd7 13.Bb5 a6 14.Bxd7+ Bxd7 15.
O-O O-O-O 16.Nd2 Kb8 17.Nc4 Qc7 18.a4 e6 19.Qb3 Bxc3 20.bxc3 exd5 21.Ne3 
Bc6 22.Nxd5 Qd7 23.Rfd1 Rhg8 24.g3 Rg5 25.Ne3 Bf3 26.Rd2 d5 27.Rb1 Rgg8 
28.Qb6 Be4 29.Rbd1 Qc6 30.Qxc6 bxc6 31.Kf1 Rge8 32.g4 Kc7 33.Ke2 c4 34.Rb2
Bd3+ 35.Kf3 Rb8 36.Ra2 Rb3 37.Rc1 Kd6 38.Kf4 h6 39.f3 d4 40.cxd4 Rxe3 41.
Kxe3 Bb1+ 0-1

[Event "12th EUR-ch"]
[Site "Aix-les-Bains FRA"]
[Date "2011.03.26"]
[Round "5.62"]
[White "L'Ami, Erwin"]
[Black "Brunner, Nicolas"]
[Result "1-0"]
[WhiteElo "2623"]
[BlackElo "2478"]
[EventDate "2011.03.22"]
[PlyCount "61"]

1.d4 d5 2.c4 c6 3.Nf3 Nf6 4.Nc3 e6 5.e3 Nbd7 6.Bd3 dxc4 7.Bxc4 b5 8.Bd3 
Bd6 9.O-O O-O 10.Qc2 Bb7 11.a3 a6 12.b4 a5 13.Rb1 axb4 14.axb4 Qe7 15.e4 
e5 16.Ne2 Bxb4 17.Ng3 g6 18.dxe5 Ng4 19.Bg5 Qc5 20.e6 Nde5 21.Nxe5 Nxe5 
22.Bf6 Nxd3 23.Qxd3 fxe6 24.e5 Qc3 25.Qe4 Ba3 26.Qg4 Rfe8 27.Rbd1 Bf8 28.
Rd7 Bc8 29.Rxh7 Kxh7 30.Qh4+ Bh6 31.Ne4 1-0

[Event "12th EUR-ch"]
[Site "Aix-les-Bains FRA"]
[Date "2011.03.26"]
[Round "5.63"]
[White "Levin, Evgeny"]
[Black "Lenic, Luka"]
[Result "1/2-1/2"]
[WhiteElo "2472"]
[BlackElo "2623"]
[EventDate "2011.03.22"]
[PlyCount "53"]

1.d4 Nf6 2.c4 e6 3.Nc3 Bb4 4.e3 c5 5.Bd3 Nc6 6.Nf3 O-O 7.O-O Bxc3 8.bxc3 
d6 9.e4 e5 10.d5 Ne7 11.Nh4 h6 12.f3 Rb8 13.a4 b6 14.Ra2 a6 15.g3 Ne8 16.
Qc2 Bh3 17.Rf2 Bd7 18.Bd2 Nc7 19.Rf1 b5 20.axb5 axb5 21.cxb5 Nxb5 22.Bxb5 
Bxb5 23.c4 Bd7 24.Ba5 Qc8 25.g4 Qb7 26.Rfa1 Rfc8 27.Bd2 1/2-1/2

[Event "12th EUR-ch"]
[Site "Aix-les-Bains FRA"]
[Date "2011.03.26"]
[Round "5.64"]
[White "Volkov, Sergey"]
[Black "Fauland, Alexander"]
[Result "1/2-1/2"]
[WhiteElo "2621"]
[BlackElo "2461"]
[EventDate "2011.03.22"]
[PlyCount "83"]

1.d4 Nf6 2.c4 e6 3.Nc3 Bb4 4.f3 O-O 5.a3 Bxc3+ 6.bxc3 d5 7.cxd5 exd5 8.e3 
c5 9.Bd3 b6 10.Ne2 Ba6 11.O-O Re8 12.Ng3 Bxd3 13.Qxd3 Nc6 14.Bb2 h5 15.
Rae1 Ne7 16.dxc5 h4 17.Nh1 Ng6 18.c4 dxc4 19.Qxc4 Rc8 20.Qa4 Rxc5 21.Bxf6 
gxf6 22.Nf2 Ra5 23.Qb4 Qe7 24.Ra1 Qxb4 25.axb4 Rxa1 26.Rxa1 Rxe3 27.Ng4 
Rb3 28.Nxf6+ Kg7 29.Ne8+ Kf8 30.Nd6 Ke7 31.Ne4 Rxb4 32.Rxa7+ Ke6 33.Ng5+ 
Kf6 34.Nxf7 Rb1+ 35.Kf2 Rb2+ 36.Ke3 Rxg2 37.Nh6 Rb2 38.Ng4+ Ke6 39.Rh7 
Rb3+ 40.Ke4 Rb4+ 41.Ke3 Rb3+ 42.Ke4 1/2-1/2

[Event "12th EUR-ch"]
[Site "Aix-les-Bains FRA"]
[Date "2011.03.26"]
[Round "5.65"]
[White "Delorme, Axel"]
[Black "Beliavsky, Alexander"]
[Result "0-1"]
[WhiteElo "2458"]
[BlackElo "2619"]
[EventDate "2011.03.22"]
[PlyCount "90"]

1.e4 e5 2.Nf3 Nc6 3.Bb5 Nf6 4.O-O Nxe4 5.Re1 Nd6 6.Nxe5 Be7 7.Bf1 Nxe5 8.
Rxe5 O-O 9.d4 Bf6 10.Re1 Nf5 11.d5 d6 12.c3 Ne7 13.g3 a5 14.a4 c6 15.dxc6 
bxc6 16.Nd2 Nf5 17.Bg2 d5 18.Nb3 Qb6 19.Bf4 Be6 20.Bh3 Rfd8 21.Be5 Bxe5 
22.Rxe5 d4 23.Bxf5 dxc3 24.Qc1 cxb2 25.Qxb2 Qxb3 26.Qxb3 Bxb3 27.Be4 Ra6 
28.Rc5 Kf8 29.Bxc6 Rc8 30.Rac1 Ke7 31.Bb5 Rxc5 32.Rxc5 Ra7 33.h4 Kd6 34.
Rc6+ Ke5 35.Rc8 Bd5 36.Re8+ Kd4 37.g4 Rc7 38.Kh2 Rc2 39.Kg3 Rc3+ 40.Kh2 
Rf3 41.Re2 Rf4 42.Kg3 Rf3+ 43.Kh2 Be6 44.Bc6 Rc3 45.Re4+ Kd3 0-1

[Event "12th EUR-ch"]
[Site "Aix-les-Bains FRA"]
[Date "2011.03.26"]
[Round "5.66"]
[White "Van Kampen, Robin"]
[Black "Popov, Ivan"]
[Result "0-1"]
[WhiteElo "2456"]
[BlackElo "2613"]
[EventDate "2011.03.22"]
[PlyCount "116"]

1.e4 c6 2.d4 d5 3.e5 Bf5 4.Nd2 e6 5.Nb3 Nd7 6.Nf3 Ne7 7.Be2 Bg4 8.O-O Nf5 
9.h3 Bxf3 10.Bxf3 g6 11.Bg4 h5 12.Bxf5 gxf5 13.Be3 Be7 14.Qd2 h4 15.Nc1 c5
16.c3 c4 17.b3 Nb6 18.Ne2 a5 19.Rab1 Rg8 20.Kh2 Qc7 21.Rg1 Kd7 22.Qb2 Ra7 
23.g3 hxg3+ 24.Rxg3 Rxg3 25.fxg3 cxb3 26.axb3 a4 27.bxa4 Nc4 28.Qb5+ Qc6 
29.Bf4 Qxb5 30.Rxb5 b6 31.Kg2 Rxa4 32.Rb1 Ra2 33.Kf3 Ke8 34.h4 Kf8 35.Bc1 
Kg7 36.Bf4 Kh7 37.Bc1 Ba3 38.Bg5 Be7 39.Bc1 Bf8 40.Bg5 Bh6 41.Bxh6 Kxh6 
42.Rg1 Nd2+ 43.Ke3 Kh5 44.Kf4 Ne4 45.Kf3 Rc2 46.Ra1 Nxc3 47.Nf4+ Kh6 48.
Ra7 Nd1 49.g4 fxg4+ 50.Kxg4 Rc3 51.h5 Ne3+ 52.Kf3 Nf5+ 53.Kf2 Rc2+ 54.Kf1 
Kg5 55.Ne2 Kg4 56.Rxf7 Kf3 57.Ng1+ Ke3 58.Nh3 Nh4 0-1

[Event "12th EUR-ch"]
[Site "Aix-les-Bains FRA"]
[Date "2011.03.26"]
[Round "5.67"]
[White "Grigoryan, Avetik"]
[Black "Bok, Benjamin"]
[Result "1/2-1/2"]
[WhiteElo "2608"]
[BlackElo "2463"]
[EventDate "2011.03.22"]
[PlyCount "61"]

1.d4 Nf6 2.c4 g6 3.Nc3 d5 4.Bf4 Bg7 5.e3 c5 6.dxc5 Qa5 7.Rc1 dxc4 8.Bxc4 
O-O 9.Ne2 Qxc5 10.Qb3 Nc6 11.Nb5 Qh5 12.Ng3 Qh4 13.Nc7 e5 14.Bxe5 Nxe5 15.
Nxa8 Bd7 16.Nc7 Bc6 17.Nd5 Nxd5 18.Bxd5 Bxd5 19.Qxd5 Rd8 20.Qxb7 Nd3+ 21.
Ke2 Nxc1+ 22.Rxc1 Be5 23.f4 Qg4+ 24.Ke1 Rb8 25.Qe7 Bxb2 26.Rc7 Rf8 27.Rxa7
Bc3+ 28.Kf2 Qd1 29.Rd7 Be1+ 30.Kf1 Bd2+ 31.Kf2 1/2-1/2

[Event "12th EUR-ch"]
[Site "Aix-les-Bains FRA"]
[Date "2011.03.26"]
[Round "5.68"]
[White "Haznedaroglu, Kivanc"]
[Black "Zakhartsov, Viacheslav"]
[Result "1/2-1/2"]
[WhiteElo "2440"]
[BlackElo "2608"]
[EventDate "2011.03.22"]
[PlyCount "89"]

1.e4 c5 2.Nf3 e6 3.d4 cxd4 4.Nxd4 Nc6 5.Nb5 d6 6.c4 Nf6 7.N1c3 a6 8.Na3 
Be7 9.Be2 b6 10.O-O O-O 11.Be3 Ne5 12.Rc1 Bb7 13.f3 Qc7 14.Qe1 Rac8 15.Qf2
Ned7 16.Rfd1 Qb8 17.Kh1 d5 18.cxd5 exd5 19.Nxd5 Nxd5 20.exd5 b5 21.Bd3 
Rxc1 22.Bxc1 Rd8 23.Qe1 Bd6 24.Qh4 g6 25.Nb1 Re8 26.Nc3 f5 27.Bh6 Be7 28.
Bg5 Bd6 29.a3 Qc7 30.Bf1 Qc5 31.Bf4 Qc7 32.Bxd6 Qxd6 33.Qb4 Qxb4 34.axb4 
Nb6 35.Kg1 Rd8 36.f4 Bxd5 37.g3 Rd7 38.Nxd5 Rxd5 39.Ra1 Nc4 40.Rxa6 Rd1 
41.Kf2 Rd2+ 42.Kf3 Rxb2 43.Bxc4+ bxc4 44.Rb6 Rb3+ 45.Kg2 1/2-1/2

[Event "12th EUR-ch"]
[Site "Aix-les-Bains FRA"]
[Date "2011.03.26"]
[Round "5.69"]
[White "Chatalbashev, Boris"]
[Black "Dembo, Yelena"]
[Result "0-1"]
[WhiteElo "2602"]
[BlackElo "2457"]
[EventDate "2011.03.22"]
[PlyCount "170"]

1.d4 Nf6 2.Nf3 g6 3.Nc3 d5 4.Bf4 Bg7 5.e3 O-O 6.Be2 c5 7.Ne5 Nc6 8.O-O 
cxd4 9.exd4 Qb6 10.Nxc6 Qxc6 11.Bb5 Qb6 12.a4 a6 13.a5 Qd8 14.Bd3 Bd7 15.
Be5 Bc6 16.Qd2 Qd7 17.Rfe1 Rad8 18.Qg5 Rfe8 19.Qh4 Nh5 20.Bxg7 Nxg7 21.Re3
Qd6 22.Rae1 Rd7 23.Qh6 f5 24.Rh3 e5 25.Qxh7+ Kf7 26.Bxf5 gxf5 27.Rg3 Qf6 
28.dxe5 Re6 29.f4 Qh6 30.Rh3 Qxh7 31.Rxh7 d4 32.Ne2 Rg6 33.Ng3 Kg8 34.Rh4 
d3 35.cxd3 Rxd3 36.Re2 Rd5 37.Kf2 Rxa5 38.Ke3 Rb5 39.Rd2 Rd5 40.Rc2 Rb5 
41.Rd2 Rd5 42.Rc2 Rd1 43.Nh5 Nxh5 44.Rxh5 Re1+ 45.Kd4 Re4+ 46.Kc3 Rxf4 47.
Rd2 Re6 48.g3 Rf3+ 49.Kd4 Kg7 50.Rg5+ Kf7 51.Rh5 Kg6 52.Rh8 Rb3 53.Rg8+ 
Kh6 54.Rf8 Rf3 55.Rf7 Kg6 56.Rc7 Re8 57.Kc4 Re6 58.Rd8 Be8 59.Rxb7 Re3 60.
Rd6 Bb5+ 61.Kd4 Rxe5 62.Rbb6 Re4+ 63.Kd5 Rxd6+ 64.Rxd6+ Kf7 65.Rh6 Rb4 66.
Ke5 Kg7 67.Rb6 Rxb2 68.Rb7+ Kg6 69.Rb6+ Kh5 70.h3 a5 71.Rd6 Kg5 72.h4+ Kg4
73.Rg6+ Kf3 74.h5 a4 75.h6 a3 76.Rg8 a2 77.Ra8 Bc4 78.Kxf5 Rb1 79.Ra3+ Rb3
80.Rxa2 Rb5+ 81.Kf6 Rb6+ 82.Kg7 Rb7+ 83.Kh8 Bxa2 84.g4 Kxg4 85.h7 Bb1 0-1

[Event "12th EUR-ch"]
[Site "Aix-les-Bains FRA"]
[Date "2011.03.26"]
[Round "5.70"]
[White "Kulaots, Kaido"]
[Black "Schroll, Gerhard"]
[Result "1-0"]
[WhiteElo "2601"]
[BlackElo "2449"]
[EventDate "2011.03.22"]
[PlyCount "99"]

1.e4 c6 2.d4 d5 3.Nc3 dxe4 4.Nxe4 Bf5 5.Ng3 Bg6 6.h4 h6 7.Nf3 Nd7 8.h5 Bh7
9.Bd3 Bxd3 10.Qxd3 e6 11.Bd2 Ngf6 12.O-O-O Be7 13.Ne4 Nxe4 14.Qxe4 Nf6 15.
Qd3 O-O 16.g4 Nxg4 17.Rhg1 f5 18.Qe2 Kh7 19.Ne5 Nxe5 20.dxe5 Rf7 21.Bxh6 
Qa5 22.Qc4 Qxe5 23.Rge1 Qf6 24.Bd2 e5 25.f4 b5 26.Qb3 a5 27.fxe5 a4 28.Qg3
Qe6 29.Kb1 Rd8 30.Rg1 Kg8 31.h6 Bf8 32.hxg7 Bxg7 33.Qh4 Rd5 34.Bf4 Rxd1+ 
35.Rxd1 Rd7 36.Rg1 Qc4 37.Qg3 Qe2 38.Bc1 Qg4 39.Qe1 Qe4 40.Qg3 Qg4 41.Qh2 
Qe4 42.a3 b4 43.axb4 Qxb4 44.Rh1 Qe4 45.Qh7+ Kf8 46.Rf1 Rf7 47.Bh6 Qxe5 
48.Qh8+ Ke7 49.Bg5+ Kd6 50.Qd8+ 1-0

[Event "12th EUR-ch"]
[Site "Aix-les-Bains FRA"]
[Date "2011.03.26"]
[Round "5.71"]
[White "Edouard, Romain"]
[Black "Zhukova, Natalia"]
[Result "1-0"]
[WhiteElo "2600"]
[BlackElo "2443"]
[EventDate "2011.03.22"]
[PlyCount "57"]

1.e4 e6 2.d4 d5 3.Nc3 Bb4 4.e5 c5 5.a3 Bxc3+ 6.bxc3 Ne7 7.Qg4 cxd4 8.Qxg7 
Rg8 9.Qxh7 Qc7 10.Ne2 Nbc6 11.f4 dxc3 12.h4 Bd7 13.h5 O-O-O 14.Qd3 Nf5 15.
Rb1 Na5 16.Rg1 Nc4 17.g4 Qc5 18.Qxc3 Nh4 19.Rg3 b6 20.Qb4 Qc7 21.Qe7 Nxe5 
22.fxe5 Nf5 23.gxf5 Rxg3 24.Nxg3 Qc3+ 25.Kd1 Rg8 26.Ba6+ Kb8 27.Qd6+ Ka8 
28.Qxd7 Qf3+ 29.Ne2 1-0

[Event "12th EUR-ch"]
[Site "Aix-les-Bains FRA"]
[Date "2011.03.26"]
[Round "5.72"]
[White "Vernay, Clovis"]
[Black "Tregubov, Pavel"]
[Result "0-1"]
[WhiteElo "2449"]
[BlackElo "2598"]
[EventDate "2011.03.22"]
[PlyCount "58"]

1.d4 Nf6 2.c4 c5 3.d5 b5 4.cxb5 a6 5.bxa6 g6 6.Nc3 Bxa6 7.g3 d6 8.Bg2 Bg7 
9.Nf3 Nbd7 10.O-O Nb6 11.Re1 O-O 12.h3 Qc7 13.Bg5 h6 14.Bc1 Rfb8 15.Nd2 
Qb7 16.Nf1 Nc4 17.Rb1 Nd7 18.Nd2 Ndb6 19.Nf1 Qa7 20.Qc2 Bc8 21.Ra1 Na4 22.
Bxh6 Bxh6 23.Qxa4 Qxa4 24.Nxa4 Nxb2 25.Nxb2 Rxb2 26.a4 Bg7 27.e3 Ba6 28.g4
Rb4 29.Rab1 Bc3 0-1

[Event "12th EUR-ch"]
[Site "Aix-les-Bains FRA"]
[Date "2011.03.26"]
[Round "5.73"]
[White "Erdogdu, Mert"]
[Black "Pelletier, Yannick"]
[Result "0-1"]
[WhiteElo "2423"]
[BlackElo "2593"]
[EventDate "2011.03.22"]
[PlyCount "66"]

1.d4 e6 2.c4 Nf6 3.g3 d5 4.Nf3 Bb4+ 5.Bd2 Be7 6.Bg2 c6 7.O-O O-O 8.Qc2 b6 
9.Rd1 Bb7 10.Bf4 Na6 11.a3 Rc8 12.Nc3 dxc4 13.Ne5 Nd5 14.Nxc4 Nxf4 15.gxf4
Nc7 16.Ne5 Nd5 17.e3 Kh8 18.Rac1 f6 19.Nf3 Bd6 20.f5 Qe7 21.Nh4 g5 22.fxg6
f5 23.Nf3 Rg8 24.Nxd5 exd5 25.Kh1 Rxg6 26.Rg1 Rf8 27.Bh3 Rh6 28.Bxf5 Qf6 
29.Rg5 Bc8 30.e4 dxe4 31.Bxe4 Bxh2 32.Nxh2 Qxg5 33.f3 Rh3 0-1

[Event "12th EUR-ch"]
[Site "Aix-les-Bains FRA"]
[Date "2011.03.26"]
[Round "5.74"]
[White "Brkic, Ante"]
[Black "Smirnov, Artem"]
[Result "1/2-1/2"]
[WhiteElo "2592"]
[BlackElo "2425"]
[EventDate "2011.03.22"]
[PlyCount "120"]

1.e4 c5 2.Nf3 d6 3.d4 cxd4 4.Nxd4 Nf6 5.Nc3 Bd7 6.Bg5 e6 7.Ndb5 Bxb5 8.
Bxb5+ Nc6 9.Qf3 h6 10.Bh4 Be7 11.e5 Nd5 12.Bxe7 Nxe7 13.Ne4 O-O 14.exd6 
Qa5+ 15.Nc3 Nd5 16.Bxc6 bxc6 17.O-O Rad8 18.Rfd1 Rxd6 19.a3 Rdd8 20.Ne4 
Ne7 21.b4 Qe5 22.Nc5 a5 23.c3 Rxd1+ 24.Rxd1 Ra8 25.Nd7 Qc7 26.c4 axb4 27.
axb4 Rd8 28.Nc5 Rxd1+ 29.Qxd1 Nf5 30.g3 Qe5 31.Qd8+ Kh7 32.Qd2 h5 33.Kg2 
h4 34.g4 Ne7 35.Qe3 Qb2 36.Nd3 Qc3 37.Ne5 Qxb4 38.Qd3+ f5 39.Nf7 Qe1 40.
Ng5+ Kh6 41.f4 Ng6 42.Nf7+ Kh7 43.Ng5+ Kh6 44.Nf7+ Kh7 45.Ng5+ Kg8 46.Qd8+
Nf8 47.Qc7 Qe2+ 48.Kg1 Qe1+ 49.Kg2 h3+ 50.Kxh3 Qf1+ 51.Kg3 Qg1+ 52.Kf3 
fxg4+ 53.Ke4 Qb1+ 54.Ke3 Qc1+ 55.Kd4 Qg1+ 56.Kc3 Qe1+ 57.Kd4 Qf2+ 58.Kc3 
Qe1+ 59.Kc2 Qe2+ 60.Kc3 Qe1+ 1/2-1/2

[Event "12th EUR-ch"]
[Site "Aix-les-Bains FRA"]
[Date "2011.03.26"]
[Round "5.75"]
[White "Terrieux, Kevin"]
[Black "Buhmann, Rainer"]
[Result "1/2-1/2"]
[WhiteElo "2422"]
[BlackElo "2590"]
[EventDate "2011.03.22"]
[PlyCount "31"]

1.d4 d5 2.Nf3 c6 3.e3 Bf5 4.Nh4 Be6 5.Nd2 g6 6.Bd3 Bg7 7.O-O Nd7 8.c3 Ngf6
9.f4 Nb6 10.h3 Qc7 11.a4 Nc8 12.e4 dxe4 13.Nxe4 Nxe4 14.Bxe4 Nd6 15.Bc2 
Bf6 16.Nf3 1/2-1/2

[Event "12th EUR-ch"]
[Site "Aix-les-Bains FRA"]
[Date "2011.03.26"]
[Round "5.76"]
[White "Palac, Mladen"]
[Black "Govciyan, Pavel"]
[Result "1-0"]
[WhiteElo "2586"]
[BlackElo "2434"]
[EventDate "2011.03.22"]
[PlyCount "27"]

1.e4 e5 2.Nf3 Nc6 3.Bb5 Bc5 4.c3 Bb6 5.d4 Nf6 6.Nxe5 Nxe5 7.dxe5 Nxe4 8.
Qg4 Bxf2+ 9.Kd1 a6 10.Qxg7 Rf8 11.Nd2 Nxd2 12.Bxd2 axb5 13.Bg5 f6 14.Bxf6 
1-0

[Event "12th EUR-ch"]
[Site "Aix-les-Bains FRA"]
[Date "2011.03.26"]
[Round "5.77"]
[White "Kreisl, Robert"]
[Black "Postny, Evgeny"]
[Result "1/2-1/2"]
[WhiteElo "2394"]
[BlackElo "2585"]
[EventDate "2011.03.22"]
[PlyCount "85"]

1.c4 Nf6 2.Nf3 c6 3.g3 d5 4.Bg2 Bg4 5.Ne5 Be6 6.cxd5 Bxd5 7.Nf3 g6 8.Nc3 
Bg7 9.O-O O-O 10.d3 Bxf3 11.Bxf3 Na6 12.Bd2 Qd7 13.Rb1 Nd5 14.Qc2 Rac8 15.
Rfc1 Rfd8 16.Qa4 Nb6 17.Qa3 Bf8 18.Ne4 Nd5 19.b4 e6 20.Qa5 f5 21.Qxd5 Qxd5
22.Nf6+ Kg7 23.Nxd5 cxd5 24.Bg5 Re8 25.a3 Nc7 26.a4 Na6 27.Be3 Nxb4 28.
Bxa7 Rxc1+ 29.Rxc1 Bd6 30.Bc5 Bxc5 31.Rxc5 Re7 32.Rb5 Nc6 33.e3 Kf6 34.d4 
Rc7 35.Be2 Ke7 36.a5 g5 37.Kg2 h6 38.h3 Kd8 39.Rb6 Ke7 40.a6 bxa6 41.Rxa6 
Nd8 42.Bh5 Nf7 43.Bxf7 1/2-1/2

[Event "12th EUR-ch"]
[Site "Aix-les-Bains FRA"]
[Date "2011.03.26"]
[Round "5.78"]
[White "Mikhalevski, Victor"]
[Black "Roeder, Matthias"]
[Result "1-0"]
[WhiteElo "2584"]
[BlackElo "2414"]
[EventDate "2011.03.22"]
[PlyCount "90"]

1.d4 Nf6 2.c4 e6 3.Nf3 d5 4.g3 Be7 5.Bg2 O-O 6.Qc2 b6 7.O-O Bb7 8.cxd5 
exd5 9.Nc3 Nbd7 10.Bf4 a6 11.Rac1 Re8 12.Rfd1 Nf8 13.Na4 c6 14.Ne5 b5 15.
Nc5 Bxc5 16.Qxc5 Ne6 17.Qc2 Nxf4 18.gxf4 Re6 19.Rd3 Rd6 20.Rg3 Rc8 21.Kh1 
Nh5 22.Rh3 g6 23.f5 Rc7 24.Rg1 Nf4 25.Rf3 Nxg2 26.Rxg2 c5 27.Qd2 cxd4 28.
Nd3 Qh4 29.Rf4 Qh6 30.Ne5 Rc2 31.fxg6 hxg6 32.Qxd4 Rc1+ 33.Rg1 Rc4 34.Nxf7
Qxf4 35.Qxf4 Rxf4 36.Nxd6 Bc6 37.Rxg6+ Kh7 38.Re6 d4+ 39.Kg1 Bd5 40.Re7+ 
Kg6 41.Ra7 Rf6 42.Rxa6 Re6 43.e3 Bc4 44.exd4 Kh5 45.f3 b4 1-0

[Event "12th EUR-ch"]
[Site "Aix-les-Bains FRA"]
[Date "2011.03.26"]
[Round "5.79"]
[White "Mamedov, Nidjat"]
[Black "Nedilko, Vasily"]
[Result "1-0"]
[WhiteElo "2583"]
[BlackElo "2413"]
[EventDate "2011.03.22"]
[PlyCount "151"]

1.e4 c5 2.Nf3 d6 3.d4 cxd4 4.Nxd4 Nf6 5.Nc3 a6 6.Be3 e5 7.Nb3 Be6 8.f3 Be7
9.Qd2 O-O 10.O-O-O a5 11.Qe1 Qc7 12.Nb5 Qc6 13.Nxa5 Qc8 14.Nxd6 Bxd6 15.
Rxd6 Qc7 16.Rb6 Rc8 17.Bd3 Nfd7 18.Rxb7 Qxa5 19.Qxa5 Rxa5 20.a3 Nc5 21.
Bxc5 Raxc5 22.b4 R5c7 23.Rxc7 Rxc7 24.a4 Kf8 25.Kb2 Ke7 26.c4 Kd8 27.Kc3 
Kc8 28.b5 Nd7 29.a5 Kb7 30.Rd1 Rc8 31.Be2 g5 32.Kb4 h5 33.g3 Nc5 34.a6+ 
Kb6 35.Rd6+ Ka7 36.Ka5 Nb3+ 37.Kb4 Nc5 38.Bf1 g4 39.Be2 Nd7 40.fxg4 hxg4 
41.Ka5 Rc5 42.Bf1 Rc8 43.b6+ Kb8 44.Kb4 Nc5 45.b7 Nxb7 46.axb7 Kxb7 47.c5 
Rh8 48.Rd2 Kc7 49.Bc4 Rb8+ 50.Kc3 Rb1 51.Bxe6 fxe6 52.Rd6 Rh1 53.Rxe6 Rxh2
54.Rg6 Rg2 55.Rxg4 Kc6 56.Rg5 Kxc5 57.Rxe5+ Kd6 58.Rg5 Ke6 59.Kd4 Rd2+ 60.
Ke3 Rd1 61.Rf5 Re1+ 62.Kf4 Rf1+ 63.Kg5 Re1 64.e5 Rg1 65.g4 Rh1 66.Kg6 Rg1 
67.g5 Ra1 68.Rf2 Kxe5 69.Kg7 Ra7+ 70.Rf7 Ra8 71.g6 Rb8 72.Rf8 Rb7+ 73.Kg8 
Ke6 74.g7 Rb1 75.Re8+ Kd7 76.Re5 1-0

[Event "12th EUR-ch"]
[Site "Aix-les-Bains FRA"]
[Date "2011.03.26"]
[Round "5.80"]
[White "Getz, Nicolai"]
[Black "Jaracz, Pawel"]
[Result "0-1"]
[WhiteElo "2333"]
[BlackElo "2565"]
[EventDate "2011.03.22"]
[PlyCount "92"]

1.e4 c6 2.d4 d5 3.e5 Bf5 4.Be3 Qb6 5.Qc1 e6 6.Nd2 c5 7.Nb3 c4 8.Nd2 Nc6 9.
c3 f6 10.Ngf3 fxe5 11.Nxe5 Nxe5 12.dxe5 Bc5 13.Bxc5 Qxc5 14.Nf3 Ne7 15.Nd4
Nc6 16.Qe3 Nxd4 17.Qxd4 Qxd4 18.cxd4 b5 19.Be2 Ke7 20.g4 Bg6 21.Kd2 b4 22.
f4 h5 23.gxh5 Bxh5 24.Rag1 Kf7 25.h4 Bxe2 26.Kxe2 Rh5 27.Rg4 Rah8 28.Kd2 
R8h6 29.Rhg1 Rh7 30.Rh1 R5h6 31.Ke3 a5 32.Kf3 a4 33.a3 b3 34.Ke3 Rg6 35.
Rg5 Rxg5 36.fxg5 Kg6 37.Kd2 Rh8 38.Kc3 Rf8 39.Rh2 Rf4 40.Rd2 Rxh4 41.Kb4 
Rh1 42.Kxa4 Rc1 43.Rf2 Rc2 44.Rf8 Rxb2 45.Rb8 Rc2 46.Kb4 b2 0-1

[Event "12th EUR-ch"]
[Site "Aix-les-Bains FRA"]
[Date "2011.03.26"]
[Round "5.81"]
[White "Stefansson, Hannes"]
[Black "Donchenko, Alexander"]
[Result "1/2-1/2"]
[WhiteElo "2557"]
[BlackElo "2216"]
[EventDate "2011.03.22"]
[PlyCount "69"]

1.c4 c5 2.Nf3 Nf6 3.Nc3 g6 4.e4 d6 5.d4 cxd4 6.Nxd4 Bg7 7.Be2 O-O 8.O-O a6
9.Be3 Bd7 10.f3 Nc6 11.Qd2 Rb8 12.Nc2 Be6 13.Rfd1 Nd7 14.Rac1 Rc8 15.Kh1 
Nce5 16.b3 Nc6 17.Nd5 Re8 18.b4 Nce5 19.Na3 Nc6 20.Nb1 Nce5 21.a4 a5 22.c5
axb4 23.cxd6 exd6 24.Qxb4 Rxc1 25.Bxc1 Nc5 26.Bb5 Nc6 27.Qa3 Qh4 28.Bf4 
Nxe4 29.fxe4 Bxd5 30.Bxd6 Bxe4 31.Bg3 Qg4 32.Rf1 h5 33.Qb3 Re7 34.Nd2 Bf5 
35.Nf3 1/2-1/2

[Event "12th EUR-ch"]
[Site "Aix-les-Bains FRA"]
[Date "2011.03.26"]
[Round "5.82"]
[White "Doros, Radu-Marian"]
[Black "Cornette, Matthieu"]
[Result "0-1"]
[WhiteElo "2278"]
[BlackElo "2548"]
[EventDate "2011.03.22"]
[PlyCount "48"]

1.e4 c5 2.Nc3 Nc6 3.Nge2 e6 4.d4 cxd4 5.Nxd4 Qc7 6.Be2 a6 7.O-O Nf6 8.Kh1 
h5 9.Nxc6 bxc6 10.f4 d5 11.e5 Ng4 12.Na4 g6 13.c4 Qa7 14.Qd3 Rb8 15.Bxg4 
hxg4 16.Be3 c5 17.cxd5 exd5 18.Qxd5 Bb7 19.Qd2 g3 20.Bg1 Bc6 21.Qc2 Qd7 
22.e6 fxe6 23.Rae1 Rh6 24.Nxc5 Bxc5 0-1

[Event "12th EUR-ch"]
[Site "Aix-les-Bains FRA"]
[Date "2011.03.26"]
[Round "5.83"]
[White "Gozzoli, Yannick"]
[Black "Deleva, Michael"]
[Result "0-1"]
[WhiteElo "2543"]
[BlackElo "2236"]
[EventDate "2011.03.22"]
[PlyCount "92"]

1.d4 d5 2.Nf3 Nf6 3.c4 c6 4.Nc3 e6 5.Qb3 Bd6 6.Bg5 h6 7.Bh4 Nbd7 8.cxd5 
exd5 9.e3 O-O 10.Bd3 Re8 11.O-O g5 12.Bg3 Bxg3 13.hxg3 Kg7 14.Qc2 Qe7 15.
Rae1 Ne4 16.Bxe4 dxe4 17.Nd2 Nf6 18.f4 b6 19.Nc4 Ba6 20.b3 Nd5 21.fxg5 
hxg5 22.Rf5 f6 23.Nxd5 cxd5 24.Rxd5 Rac8 25.Qf2 Bxc4 26.bxc4 Rxc4 27.Qf5 
Rc7 28.a4 Qe6 29.g4 Qxf5 30.gxf5 g4 31.Rd6 g3 32.Re6 Kf7 33.d5 Rc2 34.Rc6 
Rc8 35.Rxc8 Rxc8 36.Rd1 Ke7 37.d6+ Kd7 38.Kf1 Rc4 39.a5 bxa5 40.Rd5 a4 41.
Ra5 Kxd6 42.Rxa7 Rc1+ 43.Ke2 Rc2+ 44.Ke1 Rxg2 45.Rxa4 Rg1+ 46.Ke2 Rb1 0-1

[Event "12th EUR-ch"]
[Site "Aix-les-Bains FRA"]
[Date "2011.03.26"]
[Round "5.84"]
[White "Houriez, Clement"]
[Black "Fressinet, Laurent"]
[Result "1/2-1/2"]
[WhiteElo "2252"]
[BlackElo "2693"]
[EventDate "2011.03.22"]
[PlyCount "126"]

1.d4 Nf6 2.c4 c5 3.d5 g6 4.Nc3 Bg7 5.e4 d6 6.Be2 O-O 7.Nf3 e6 8.O-O exd5 
9.exd5 Bg4 10.Bg5 Nbd7 11.Qd2 Re8 12.h3 Bxf3 13.Bxf3 a6 14.Rfe1 Qb6 15.b3 
Qb4 16.Rac1 b5 17.Ne4 Nxe4 18.Qxb4 cxb4 19.Rxe4 Rxe4 20.Bxe4 Nc5 21.Bf3 
Nd3 22.Rc2 Ne1 23.Rc1 Nxf3+ 24.gxf3 Bc3 25.Be7 bxc4 26.bxc4 Be5 27.c5 dxc5
28.d6 Ra7 29.Rxc5 f6 30.Rc4 Rd7 31.Rxb4 Bxd6 32.Bxd6 Rxd6 33.Rb8+ Kf7 34.
Rb7+ Ke6 35.Rxh7 Rd2 36.Rg7 Kf5 37.h4 Rxa2 38.Kg2 Re2 39.Kg3 a5 40.Ra7 Re5
41.f4 Rd5 42.f3 Ke6 43.Ra6+ Ke7 44.Ra7+ Ke6 45.Ra6+ Kf5 46.Ra7 Rc5 47.Ra8 
Ke6 48.Ra6+ Ke7 49.Ra7+ Ke8 50.Kg4 Rd5 51.Ra6 Kf7 52.Ra7+ Kg8 53.Ra8+ Kg7 
54.Ra7+ Kh6 55.Kg3 Rb5 56.Kg2 Rb2+ 57.Kg3 Ra2 58.Kh3 Ra1 59.Kg2 a4 60.Kh2 
a3 61.Kg2 Ra2+ 62.Kg3 Ra1 63.Kg2 Ra2+ 1/2-1/2

[Event "12th EUR-ch"]
[Site "Aix-les-Bains FRA"]
[Date "2011.03.26"]
[Round "5.85"]
[White "Sjugirov, Sanan"]
[Black "Dragomirescu, Robin-Alexandru"]
[Result "1-0"]
[WhiteElo "2643"]
[BlackElo "2385"]
[EventDate "2011.03.22"]
[PlyCount "69"]

1.e4 c5 2.Nf3 Nc6 3.Bb5 g6 4.Bxc6 dxc6 5.d3 Bg7 6.h3 e5 7.Be3 Qe7 8.Qd2 
Nf6 9.Bh6 O-O 10.Bxg7 Kxg7 11.Nc3 a5 12.Qe3 Qd6 13.Ne2 Be6 14.a3 Nh5 15.g4
Nf4 16.Nxf4 exf4 17.Qd2 f6 18.Qc3 b5 19.g5 Bg8 20.gxf6+ Rxf6 21.b3 c4 22.
bxc4 bxc4 23.Rb1 Qe7 24.Ne5 cxd3 25.cxd3 h5 26.Rg1 Bf7 27.Rb6 Re8 28.Rg5 
Kh6 29.h4 Re6 30.Nf3 Rd8 31.Kf1 Qd6 32.Rd5 cxd5 33.Rxd6 Rexd6 34.Ng5 Be6 
35.Qe5 1-0

[Event "12th EUR-ch"]
[Site "Aix-les-Bains FRA"]
[Date "2011.03.26"]
[Round "5.86"]
[White "Zawadzka, Jolanta"]
[Black "Sokolov, Ivan"]
[Result "1/2-1/2"]
[WhiteElo "2386"]
[BlackElo "2643"]
[EventDate "2011.03.22"]
[PlyCount "50"]

1.e4 e5 2.Nf3 Nc6 3.Bb5 a6 4.Ba4 Nge7 5.O-O g6 6.d4 exd4 7.c3 dxc3 8.Nxc3 
Bg7 9.Bg5 h6 10.Bf4 d6 11.Rc1 O-O 12.Qd2 Kh7 13.h3 f5 14.exf5 Bxf5 15.Rfe1
b5 16.Bb3 Rc8 17.Ne4 Ne5 18.Bxe5 dxe5 19.Qxd8 Rfxd8 20.Nfg5+ hxg5 21.Nxg5+
Kh6 22.Nf7+ Kh7 23.Ng5+ Kh6 24.Nf7+ Kh7 25.Ng5+ Kh6 1/2-1/2

[Event "12th EUR-ch"]
[Site "Aix-les-Bains FRA"]
[Date "2011.03.26"]
[Round "5.87"]
[White "Petrisor, Adrian-Marian"]
[Black "Sumets, Andrey"]
[Result "1/2-1/2"]
[WhiteElo "2385"]
[BlackElo "2610"]
[EventDate "2011.03.22"]
[PlyCount "63"]

1.e4 c6 2.d4 d5 3.Nc3 dxe4 4.Nxe4 Bf5 5.Ng3 Bg6 6.N1e2 e6 7.Nf4 Qc7 8.Bc4 
Bd6 9.Nfh5 Bxh5 10.Qxh5 Nf6 11.Qg5 O-O 12.O-O Nbd7 13.Bd3 c5 14.c3 cxd4 
15.cxd4 Rfd8 16.Bd2 Nf8 17.Rac1 Qe7 18.Ne4 Nxe4 19.Qxe7 Bxe7 20.Bxe4 Rd7 
21.Be3 Bf6 22.b3 Ng6 23.Rc4 Rad8 24.g3 Ne7 25.Rfc1 h5 26.Rc7 b6 27.a4 a5 
28.Rxd7 Rxd7 29.Rc4 g6 30.b4 axb4 31.Rxb4 Rd6 32.h3 1/2-1/2

[Event "12th EUR-ch"]
[Site "Aix-les-Bains FRA"]
[Date "2011.03.26"]
[Round "5.88"]
[White "Miedema, David"]
[Black "Kovacevic, Aleksandar"]
[Result "1-0"]
[WhiteElo "2380"]
[BlackElo "2598"]
[EventDate "2011.03.22"]
[PlyCount "65"]

1.d4 Nf6 2.c4 c5 3.d5 e6 4.Nc3 exd5 5.cxd5 d6 6.Nf3 g6 7.Nd2 Nbd7 8.e4 Bg7
9.Be2 O-O 10.O-O Re8 11.a4 Ne5 12.Ra3 g5 13.Qc2 Nfd7 14.Nd1 a6 15.Rg3 h6 
16.Ne3 Nf6 17.f4 gxf4 18.Rxf4 b5 19.Nf5 Bxf5 20.exf5 Nxd5 21.Ne4 Nf6 22.
Qd2 Nxe4 23.Rxe4 Qf6 24.Qxh6 Ng6 25.Qe3 Ne5 26.Qf2 d5 27.Bg5 Qd6 28.Rh4 f6
29.Bh6 Ra7 30.Bxg7 Rxg7 31.Rxg7+ Kxg7 32.Qg3+ Kf8 33.Rh7 1-0